000 01618cam a22004454i 4500
003 PE-LiUPU
005 20250731173140.0
008 150623s r 000 0 d
035 _a(Sirsi) a27355
040 _aPE-LiUPU
_bspa
_cPE-LiUPU
_erda
082 0 4 _a222.11
_bM26
_221
100 1 _aMartín Contreras, Elvira,
_eautor.
245 1 3 _aLa interpretación de la creación :
_btécnicas exegéticas en génesis Rabbah.
_n24 /
_cElvira Martín Contreras.
264 1 _aNavarra, Esaña :
_bVerbo Divino,
_c2002.
300 _a244 páginas ;
_c24 cm.
336 _atext
_2rdacontent
337 _aunmediated
_2rdamedia
338 _avolume
_2rdacarrier
490 0 _aBiblioteca midrásica ;
_v24
504 _aIncluye bibliografía.
505 0 _aReglas exegéticas. Reglas comparativas. Comentarios textuales. Conclusiones generales.
526 _aSEG42
526 _aSEG41
526 _aSEG40
526 _aSEG39
526 _aP94
526 _aP87
526 _aP86
526 _aP85
526 _aP77
526 _aP76
526 _aP35
630 _aBiblia.
_pA.T.
_PG énesis
_xCrítica, interpretación, etc.
650 0 4 _aMidrash Rabbah.
942 _2ddc
_cBOOK
949 _a222.11 M26 24
_wDEWEY
_c1
_i52632
_lCCODEBUL1
_mBUL
_p20.00
_r0
_sY
_tBOOK
_u2015-06-24
_xTEOLOGIA
_PP35
_0COMPRA
_o.STAFF. Colección General
596 _a1
999 _a222.11 M26 24
_wDEWEY
_c34486
_i52632
_d34486
_e2022-7-13
_f2021-11-9
_g5
_lCCODEBUL1
_mBUL
_n1
_p20.00
_q1
_r0
_sY
_tBOOK
_u2015-6-24
_xTEOLOGIA
_PP35
_0COMPRA
_o.STAFF. Colección General
980 _81
_gALBERTO SANCHEZ Responsable de Automatización